| 000 | 00448nam a2200145Ia 4500 | ||
|---|---|---|---|
| 008 | 180921t1892 xxu||||| ||||o00| 0 eng d | ||
| 041 | _aeng | ||
| 245 | _aPapers Laid Before The Legislative Council of Ceylon During The Session of 1891 : Bill To Amend "The Forest ordinance,1885." | ||
| 260 | _c1892 | ||
| 300 | _ap.434-435, 33 cm | ||
| 500 | _aSessional Paper iv-1892 | ||
| 942 | _cBK | ||
| 999 |
_c51547 _d51547 |
||
| 003 | LK-CoDNM | ||
| 040 |
_aLK-CoDNM _dLK-CoDNM _eLK-CoDNM |
||